La Transición Española, (Registro nro. 596)
[ vista simple ]
| 000 -LEADER | |
|---|---|
| campo de control de longitud fija | 01523nam a22002417a 4500 |
| 001 - NÚMERO DE CONTROL | |
| campo de control | EIF-IX-2016-M14-003 |
| 003 - IDENTIFICADOR DE NÚMERO DE CONTROL | |
| campo de control | OSt |
| 005 - FECHA Y HORA DE LA ÚLTIMA TRANSACCIÓN | |
| campo de control | 20221229095643.0 |
| 008 - DATOS DE LONGITUD FIJA--INFORMACIÓN GENERAL | |
| campo de control de longitud fija | 221229b |||||||| |||| 00| 0 eng d |
| 040 ## - FUENTE DE CATALOGACIÓN | |
| Centro catalogador/agencia de origen | Fundación Jesús Pereda |
| Centro/agencia transcriptor | Fundación Jesús Pereda |
| 041 ## - CÓDIGO DE IDIOMA | |
| Código de lengua del texto/banda sonora o título independiente | Castellano |
| 100 ## - ENTRADA PRINCIPAL--NOMBRE DE PERSONA | |
| Filiación | I.E.S. “Grupo Cántico” de Córdoba |
| Nombre de persona | González Requena, Rafael |
| 9 (RLIN) | 973 |
| 111 ## - ENTRADA PRINCIPAL--NOMBRE DE CONGRESO/REUNIÓN | |
| Nombre de congreso/reunión o jurisdicción como elemento de entrada | Encuentro de Investigadores del Franquismo |
| Sede del congreso/Lugar de la reunión | (Granada |
| Fecha del congreso o de la firma del tratado | 2016. |
| Número del congreso/reunión o número de parte o sección | 9º) |
| 9 (RLIN) | 101 |
| 245 ## - MENCIÓN DEL TÍTULO | |
| Título | La Transición Española, |
| Resto del título | una propuesta didáctica |
| Mención de responsabilidad, etc. | /Rafael González Requena y Ana María Naranjo Sánchez |
| 520 ## - RESUMEN, ETC. | |
| Sumario, etc. | Esta comunicación tiene como objeto exponer una propuesta didáctica para abordar el proceso de enseñanza-aprendizaje de la transición española a la democracia en la materia de Historia en Educación secundaria. Partiendo de las últimas novedades historiográficas y didácticas, pretendemos profundizar en las claves del proceso acontecidas entre 1973 y 1977 a través de fuentes escritas, audiovisuales, memoria oral... y aportar al alumnado las claves interpretativas del periodo. |
| 650 #0 - PUNTO DE ACCESO ADICIONAL DE MATERIA--TÉRMINO DE MATERIA | |
| 9 (RLIN) | 682 |
| Término de materia o nombre geográfico como elemento de entrada | Enseñanza |
| 650 #0 - PUNTO DE ACCESO ADICIONAL DE MATERIA--TÉRMINO DE MATERIA | |
| 9 (RLIN) | 998 |
| Término de materia o nombre geográfico como elemento de entrada | Didáctica |
| 650 #0 - PUNTO DE ACCESO ADICIONAL DE MATERIA--TÉRMINO DE MATERIA | |
| 9 (RLIN) | 534 |
| Término de materia o nombre geográfico como elemento de entrada | Transición española |
| 700 ## - ENTRADA AGREGADA--NOMBRE PERSONAL | |
| Filiación | I.E.S. “Profesor Tierno Galván” de La Rambla, Córdoba |
| Nombre de persona | Naranjo Sánchez, Ana María |
| 9 (RLIN) | 975 |
| 773 ## - ASIENTO DE ITEM FUENTE | |
| Título | <a href="Actas del IX Encuentro de Investigadores del Franquismo">Actas del IX Encuentro de Investigadores del Franquismo</a> |
| Parte(s) relacionada(s) | 742-753 p. |
| 856 ## - LOCALIZACIÓN Y ACCESO ELECTRÓNICOS | |
| Identificador Uniforme de Recursos | <a href="https://bibliotecaccoocyl.fundacionjesuspereda.es/cgi-bin/koha/opac-retrieve-file.pl?id=ca5829c6ac034497433cd62d13acf405">https://bibliotecaccoocyl.fundacionjesuspereda.es/cgi-bin/koha/opac-retrieve-file.pl?id=ca5829c6ac034497433cd62d13acf405</a> |
| 942 ## - ELEMENTOS DE ENTRADA SECUNDARIOS (KOHA) | |
| Fuente del sistema de clasificación o colocación | Clasificación Decimal Dewey |
| Tipo de ítem Koha | Archivo de computadora |
| Suprimir en OPAC | No |
No hay ítems disponibles.
